[Event "TUR-chT 2nd League"]
[Site "Konya"]
[Date "2018.07.19"]
[Round "6.7"]
[White "Abdulla, Khayala Mardan Qizi"]
[Black "Tosun, Ayse Sena"]
[Result "1-0"]
[WhiteElo "2231"]
[BlackElo "1331"]
[PlyCount "39"]
[EventDate "2018.07.16"]
[EventType "team-swiss"]
[EventRounds "9"]
[EventCountry "TUR"]
[SourceTitle "EXT 2019"]
[Source "ChessBase"]
[SourceDate "2018.10.10"]
[SourceVersion "1"]
[SourceVersionDate "2018.10.10"]
[SourceQuality "1"]
[WhiteTeam "Denizli Ihtisas"]
[BlackTeam "Yalova Altinkale"]
[WhiteTeamCountry "TUR"]
[BlackTeamCountry "TUR"]

1. e4 c6 2. d4 d5 3. Nc3 dxe4 4. Nxe4 Bf5 5. Ng3 Bg6 6. Nh3 h6 7. Nf4 Bh7 8. Bc4 Nf6 9. 0-0 e6 10. Re1 Be7 11. c3 Nd5 12. Qg4 Nd7 13. Bxd5 cxd5 14. Nxe6 fxe6 15. Qxg7 Rf8 16. Qxh7 Nf6 17. Qxh6 Qd7 18. Qg6+ Kd8 19. Bh6 Rh8 20. Bg7 1-0